| 000 | 01269nac a22002891u 4500 | ||
|---|---|---|---|
| 010 | _a 2002193077 | ||
| 020 | _a0333598733 | ||
| 020 | _a0333598741 (pbk.) | ||
| 082 | 0 | 0 |
_a341.2424 _bJUD |
| 090 |
_c8900 _d8900 |
||
| 100 | _a20080729 | ||
| 245 | 0 | 4 |
_aThe European Parliament / _cDavid Judge and David Earnshaw. |
| 260 |
_aHoundmills, Basingstoke, Hampshire ; _aNew York : _bPalgrave Macmillan,2003 _c2003. |
||
| 300 |
_axii, 355 p. : _bill. ; _c23 cm. |
||
| 490 | 1 | _aThe European Union series | |
| 500 | _adistributer: Scientific home bookshop | ||
| 504 | _aIncludes bibliographical references (p. 321-345) and index. | ||
| 511 | _acatalogued by: wessam | ||
| 610 | 2 | 0 | _aEuropean Parliament. |
| 700 | 1 | _aEarnshaw, David. | |
| 830 | 0 | _aEuropean Union series (Palgrave Macmillan (Firm)) | |
| 856 | 4 | 2 |
_3Contributor biographical information _uhttp://www.loc.gov/catdir/bios/hol053/2002193077.html |
| 856 | 4 | 2 |
_3Publisher description _uhttp://www.loc.gov/catdir/description/hol041/2002193077.html |
| 856 | 4 | 2 |
_3Table of contents _uhttp://www.loc.gov/catdir/toc/hol041/2002193077.html |
| 942 |
_cBB _k341.2424JUD |
||
| 999 |
_c8900 _d8900 |
||